000 00671nam0a22002411 4500
001 RU\NLR\INFOCOMM_36\5000221709
005 20250613095020.0
035 _a(NLR Aleph) 009282303
090 _a9168880
_c9168880
100 _a20100921d1960 |||y0rusy50 ca
101 0 _aeng
102 _aRU
105 _ay ||||000|y
200 1 _aˆThe ‰heart of the serpent
210 _a[М.]
_d[1960]
215 _aс. 5-114
300 _aВ кн.: The heart of the serpent. M., [1960], с. 5-114
700 1 _aEfremov
_bI. A.
_f1907-1972
_gIvan Antonovič
_4070
801 1 _aRU
_bNLR
_c20100921
801 0 _aRU
_bNLR
_gPSBO
852 _aNLR
_jЛ31 Г-1/345
942 _cBOOK
980 _aNB